000 00340nam a2200145Ia 4500
005 20251222144920.0
008 251222s9999||||xx |||||||||||||| ||spa||
020 _a9789507214875
082 _a291.144/B89
100 _aBugallo, Lucila
245 0 _aWak´as, Diablos y Muertos:
250 _a1a. ed.
264 _bEDIUNJU
942 _cLIB
999 _c22681
_d22681